<?xml version="1.0" encoding="UTF-8"?>
<marc:record xmlns:marc="http://www.loc.gov/MARC21/slim">
   <marc:leader>00000nam a2200000 a 4500</marc:leader>
   <marc:datafield ind1="1" ind2=" " tag="100">
      <marc:subfield code="a">Eckermann, Ines Maria</marc:subfield>
      <marc:subfield code="4">aut</marc:subfield>
      <marc:subfield code="e">Verfasser/-in</marc:subfield>
   </marc:datafield>
   <marc:datafield ind1=" " ind2=" " tag="653">
      <marc:subfield code="a">Konsumverzicht</marc:subfield>
   </marc:datafield>
   <marc:datafield ind1=" " ind2=" " tag="653">
      <marc:subfield code="a">Besitzverhalten</marc:subfield>
   </marc:datafield>
   <marc:datafield ind1=" " ind2=" " tag="653">
      <marc:subfield code="a">Nachhaltigkeit</marc:subfield>
   </marc:datafield>
   <marc:datafield ind1=" " ind2=" " tag="653">
      <marc:subfield code="a">Lebensstil</marc:subfield>
   </marc:datafield>
   <marc:datafield ind1=" " ind2=" " tag="653">
      <marc:subfield code="a">Konsum</marc:subfield>
   </marc:datafield>
   <marc:datafield ind1=" " ind2=" " tag="653">
      <marc:subfield code="a">Glück</marc:subfield>
   </marc:datafield>
   <marc:datafield ind1=" " ind2=" " tag="653">
      <marc:subfield code="a">Minimalismus</marc:subfield>
   </marc:datafield>
   <marc:datafield ind1=" " ind2=" " tag="653">
      <marc:subfield code="a">Konsumgelassenheit</marc:subfield>
   </marc:datafield>
   <marc:datafield ind1=" " ind2=" " tag="653">
      <marc:subfield code="a">Konsumsucht</marc:subfield>
   </marc:datafield>
   <marc:datafield ind1=" " ind2=" " tag="653">
      <marc:subfield code="a">Softcover / Philosophie</marc:subfield>
   </marc:datafield>
   <marc:datafield ind1="0" ind2="0" tag="245">
      <marc:subfield code="a">Ich brauche nicht mehr</marc:subfield>
   </marc:datafield>
   <marc:datafield ind1="0" ind2="0" tag="245">
      <marc:subfield code="b">Konsumgelassenheit erlangen und nachhaltig glücklich werden</marc:subfield>
   </marc:datafield>
   <marc:datafield ind1="0" ind2="0" tag="245">
      <marc:subfield code="c">Ines Maria Eckermann</marc:subfield>
   </marc:datafield>
   <marc:datafield ind1=" " ind2="1" tag="264">
      <marc:subfield code="a">Baden-Baden</marc:subfield>
      <marc:subfield code="b">Tectum Verlag</marc:subfield>
   </marc:datafield>
   <marc:datafield ind1="1" ind2=" " tag="520">
      <marc:subfield code="a">Angaben aus der Verlagsmeldung

Ich brauche nicht mehr : Konsumgelassenheit erlangen und nachhaltig glücklich werden / von Ines Maria Eckermann

Zweimal an denselben Ort in den Urlaub fahren? Niemals! Wir wollen mehr sehen von der Welt, mehr erfahren, mehr leben. Wir setzen uns Ziele, wohin wir reisen wollen, was wir essen und was wir uns kaufen wollen. Aus einem schicken Smartphone wird schon nach wenigen Monaten teurer Elektroschrott und aus dem neuen Kleid nur eines von vielen, das rasch von textilen Neuankömmlingen verdrängt wird. Die neueste Mode, die innovativste Technik und der trendigste Lifestyle – wir sind süchtig nach mehr. Wir arbeiten, um zu kaufen, und hoffen, dass mit dem neuen Paar Schuhe oder dem schicken neuen Laptop auch das Glück in unseren Einkaufstaschen und in unserem Leben landet. Die Pleonexia, die Sucht nach mehr, macht sich nicht nur auf unserem Konto bemerkbar, sondern geht auch auf Kosten unserer Umwelt. Diese Sucht zu überwinden hilft uns dabei, nachhaltig zu handeln und dauerhaft glücklich zu werden.
</marc:subfield>
   </marc:datafield>
   <marc:datafield ind1=" " ind2=" " tag="020">
      <marc:subfield code="a">9783828841734</marc:subfield>
      <marc:subfield code="9">9783828841734</marc:subfield>
   </marc:datafield>
   <marc:datafield ind1=" " ind2=" " tag="020">
      <marc:subfield code="a">3828841732</marc:subfield>
      <marc:subfield code="9">3828841732</marc:subfield>
   </marc:datafield>
   <marc:datafield ind1=" " ind2=" " tag="300">
      <marc:subfield code="a">IX, 321 Seiten</marc:subfield>
   </marc:datafield>
</marc:record>
